000 00578nam a22001937a 4500
005 20170616122137.0
010 _aENG-118717
020 _a97881920609
_c370.00
035 _aEN-102249
037 _bDBAD/PUB
082 _a657.0519
100 _aPrasad, G.
245 _aStudents' hand book of advanced corporate accounting /
_cby G. Prasad
260 _aGuntur
_bJai Bharat Publishers
_c2013
270 _a2/18 Brodiepet, Guntur-522002
300 _aVarious pagings
_c28cm.(pbk)
490 _aJBP Competitive Series
942 _2ddc
_cEN
_h657.0519
_mPRA
999 _c141209
_d141209